[Event "World Blitz Women 2017"]
[Site "Riyadh KSA"]
[Date "2017.12.30"]
[Round "20.36"]
[White "Sukandar, Irine Kharisma"]
[Black "Badelka, Olga"]
[Result "1-0"]
[WhiteTitle "IM"]
[BlackTitle "WIM"]
[WhiteElo "2384"]
[BlackElo "2388"]
[WhiteFideId "7101937"]
[BlackFideId "13509926"]
[EventDate "2017.12.29"]

1. e4 c5 2. Nf3 e6 3. d4 cxd4 4. Nxd4 Nf6 5. Nc3 Nc6 6. a3 Be7 7. Be2 O-O 8. O-O
d6 9. Be3 a6 10. f4 Bd7 11. Nb3 b5 12. Qe1 b4 13. axb4 Nxb4 14. Rc1 Bc6 15. Bf3
d5 16. e5 Ne4 17. Nd4 Bb7 18. f5 exf5 19. Nxf5 Ng5 20. Qg3 Nxf3+ 21. Rxf3 g6 22.
Nh6+ Kg7 23. Ng4 d4 24. Bh6+ Kg8 25. Nf6+ Bxf6 26. Rxf6 dxc3 27. Bxf8 Qxf8 28.
bxc3 Nd5 29. Rf2 Qc5 30. Kh1 Rf8 31. Rcf1 Bc8 32. Rf3 Be6 33. Qh4 a5 34. Qh6 a4
35. Qc1 Qc7 36. Qa3 Ra8 37. Re1 Qc4 38. Rd3 Nf4 39. Rd4 Qa2 40. Qxa2 Bxa2 41.
Rxf4 Be6 42. Ra1 a3 43. c4 a2 44. Kg1 Kf8 45. Kf2 Ke7 46. Rd4 Ra4 47. Ke3 Ra3+
48. Kd2 Ra4 49. Kc3 Ra5 50. Kb3 Rxe5 51. Rxa2 Re2 52. Ra7+ Kf6 53. Kb2 Bf5 54.
Rd6+ Kg7 55. Rc6 Rxc2+ 56. Kb3 Rxg2 57. Rcc7 Be6 58. Kc3 Rxh2 59. c5 h5 60. c6
h4 61. Rxf7+ Bxf7 62. c7 Rh3+ 63. Kd2 Rh2+ 64. Kc3 Rh3+ 65. Kd4 Rf3 66. c8=Q h3
67. Qg4 Rf6 68. Qxh3 Rf5 69. Re7 Rd5+ 70. Kc3 Rc5+ 71. Kb2 Rb5+ 72. Kc3 Rc5+ 73.
Kd4 Rd5+ 74. Ke4 Rf5 75. Qc3+ Kg8 76. Rc7 Bd5+ 77. Kd4 Be6 78. Ra7 Bf7 79. Ra8+
Kg7 80. Ke4+ Rf6 81. Ra6 1-0

[Event "World Blitz Women 2017"]
[Site "Riyadh KSA"]
[Date "2017.12.30"]
[Round "20.37"]
[White "Nguyen, Thi Mai Hung"]
[Black "Fierro Baquero, Martha L."]
[Result "1-0"]
[WhiteTitle "WGM"]
[BlackTitle "IM"]
[WhiteElo "2321"]
[BlackElo "2369"]
[WhiteFideId "12401676"]
[BlackFideId "3600270"]
[EventDate "2017.12.29"]

1. d4 g6 2. Nf3 Bg7 3. g3 Nf6 4. Bg2 O-O 5. O-O c6 6. a4 d6 7. a5 Nbd7 8. Nc3
Rb8 9. e4 e5 10. dxe5 dxe5 11. Be3 Ra8 12. h3 Qe7 13. Qe2 Nc5 14. Qc4 Nfd7 15.
Rfd1 Qe6 16. Qb4 Na6 17. Qa3 Re8 18. Rd2 Bf8 19. Qa2 Qxa2 20. Rxa2 Bb4 21. Ne1
Ndc5 22. f3 Be6 23. Ra1 Rad8 24. Bf1 Rxd2 25. Bxd2 Bc8 26. Kg2 Ne6 27. Nd3 Bd6
28. Ne2 Nac5 29. Nec1 Nxd3 30. Bxd3 Nd4 31. c3 Ne6 32. Nb3 Nc5 33. Bc4 Be6 34.
Bxe6 Rxe6 35. Nxc5 Bxc5 36. a6 b5 37. b4 Bb6 38. Kf1 Rd6 39. Ke2 f5 40. Bg5 Kf7
41. g4 Ke6 42. gxf5+ gxf5 43. Be3 Bxe3 44. Kxe3 f4+ 45. Ke2 Kf7 46. Rg1 Rh6 47.
Rh1 Ke6 48. Kd3 Kd6 49. c4 Rg6 50. c5+ Kc7 51. h4 Rg3 52. Ke2 Rg2+ 53. Kd3 Rb2
54. Kc3 Ra2 55. Kb3 Rxa6 56. Rg1 Kd8 57. h5 Ke8 58. h6 Kf8 59. Rg7 Ra1 60. Rxh7
Rf1 61. Rxa7 Rxf3+ 62. Kc2 Rh3 63. h7 Rh1 64. Kd2 Rh2+ 65. Kd3 Rh3+ 66. Ke2 Rh2+
67. Kf3 Rh6 68. Rc7 Rh3+ 69. Kg4 Rh6 70. Kg5 Rh1 71. Kg6 Rg1+ 72. Kf6 1-0

[Event "World Blitz Women 2017"]
[Site "Riyadh KSA"]
[Date "2017.12.30"]
[Round "20.38"]
[White "Gu, Xiaobing"]
[Black "Gvetadze, Sofio"]
[Result "1-0"]
[WhiteTitle "WGM"]
[BlackTitle "IM"]
[WhiteElo "2332"]
[BlackElo "2289"]
[WhiteFideId "8602611"]
[BlackFideId "13601440"]
[EventDate "2017.12.29"]

1. e4 Nf6 2. e5 Nd5 3. d4 d6 4. Nf3 dxe5 5. Nxe5 c6 6. Be2 Nd7 7. Nxd7 Bxd7 8.
O-O Bf5 9. c4 Nb4 10. Na3 e6 11. Bg4 Bg6 12. Be3 Be7 13. Qf3 O-O 14. Rad1 Nxa2
15. d5 cxd5 16. cxd5 exd5 17. Rxd5 Qc7 18. Rd7 Qe5 19. Nc4 Qb5 20. Rxe7 Qxc4 21.
h4 Bd3 22. Re1 Nb4 23. Rxb7 a5 24. Qg3 Rae8 25. h5 h6 26. Bd7 Re7 27. Rc1 Qd5
28. Bxh6 Bg6 29. hxg6 Qxb7 30. gxf7+ Rfxf7 31. Ba4 Qa6 32. Bg5 Qe6 33. Bb3 Nd5
34. Bxe7 Rxe7 35. Rd1 Rd7 36. Qf3 Kh8 37. Bxd5 Qe5 38. Qh3+ 1-0

[Event "World Blitz Women 2017"]
[Site "Riyadh KSA"]
[Date "2017.12.30"]
[Round "20.39"]
[White "Ordaz Valdes, Lisandra Teresa"]
[Black "Doluhanova, Evgeniya"]
[Result "1-0"]
[WhiteTitle "WGM"]
[BlackTitle "WGM"]
[WhiteElo "2414"]
[BlackElo "2352"]
[WhiteFideId "3506940"]
[BlackFideId "14112035"]
[EventDate "2017.12.29"]

1. d4 Nf6 2. c4 e6 3. Nf3 d5 4. Nc3 Bb4 5. Qa4+ Nc6 6. e3 O-O 7. Bd2 Bxc3 8.
Bxc3 Ne4 9. Qc2 Nxc3 10. Qxc3 Qe7 11. a3 a5 12. Rc1 Bd7 13. cxd5 exd5 14. Qc5
Qe6 15. Bb5 a4 16. Qc3 Rfc8 17. Qc2 Nb4 18. Qe2 Nc6 19. O-O h6 20. Qc2 Na5 21.
Bxa4 Bxa4 22. Qxa4 Nc4 23. Qc2 g5 24. a4 Ra6 25. b3 g4 26. Ne1 Nd6 27. Nd3 Qg6
28. Nc5 Qxc2 29. Rxc2 Rc6 30. Rfc1 b6 31. Nd3 Rxc2 32. Rxc2 f6 33. Nb4 c5 34.
Nxd5 Kf7 35. Nxb6 Rb8 36. dxc5 Ne4 37. a5 Ke6 38. a6 Nxc5 39. Rxc5 Rxb6 40. Ra5
Rb8 41. a7 Ra8 42. b4 Kd6 43. Ra6+ Kd5 44. h3 f5 45. hxg4 fxg4 46. b5 Kc5 47. b6
Kc6 48. Kh2 Kb7 49. Ra4 Kxb6 50. Rxg4 Rxa7 51. Rg6+ Kc5 52. Rxh6 Ra2 53. Kg3 Kd5
54. Rf6 Ke5 55. Rf8 Ke6 56. f4 Ke7 57. Rf5 Ke6 58. e4 Re2 59. Re5+ Kf6 60. Kf3
Re1 61. Ra5 Rf1+ 62. Kg4 Re1 63. Ra6+ Kg7 1-0

[Event "World Blitz Women 2017"]
[Site "Riyadh KSA"]
[Date "2017.12.30"]
[Round "20.40"]
[White "Bivol, Alina"]
[Black "Zimina, Olga"]
[Result "1-0"]
[WhiteTitle "WGM"]
[BlackTitle "IM"]
[WhiteElo "2356"]
[BlackElo "2415"]
[WhiteFideId "4100123"]
[BlackFideId "4132190"]
[EventDate "2017.12.29"]

1. Nf3 d5 2. g3 Nf6 3. Bg2 Bg4 4. d3 Nbd7 5. O-O e6 6. h3 Bh5 7. Qe1 Be7 8. e4
Bxf3 9. Bxf3 O-O 10. Nc3 c6 11. Bg2 dxe4 12. dxe4 e5 13. f4 Bc5+ 14. Kh2 Qc7 15.
Bd2 Bd4 16. Rd1 Nc5 17. Qe2 Rfe8 18. f5 b5 19. g4 Nfd7 20. Be3 Bxe3 21. Qxe3
Rad8 22. g5 Qb6 23. Qg3 f6 24. Bf3 b4 25. Nb1 Na4 26. b3 Nac5 27. Nd2 Qc7 28.
Nc4 Rf8 29. Rg1 Nb8 30. gxf6 Rxd1 31. Rxd1 Rxf6 32. Qxe5 Qxe5+ 33. Nxe5 Rf8 34.
Rd4 a5 35. Nc4 a4 36. Kg3 axb3 37. axb3 Nbd7 38. Bg4 Nf6 39. e5 Nd5 40. Na5 Ne7
41. Rf4 h5 42. Bxh5 Nxf5+ 43. Kh2 Ne6 44. Rf2 Ng5 45. Bg4 g6 46. Nxc6 Ne4 47.
Rf4 Nc3 48. Bxf5 gxf5 49. Ne7+ Kh7 50. Rxf5 Re8 51. Nc6 Rc8 52. Nxb4 Rd8 53. Rf2
Re8 54. Nd3 Nd5 55. b4 Ne3 56. Re2 Nf5 57. c3 Kg6 58. b5 Rb8 59. c4 Nd4 60. Re4
Nf3+ 61. Kg3 Ng5 62. Re3 Kf5 63. Nc5 Rc8 64. b6 Rxc5 65. b7 Ne4+ 66. Rxe4 Kxe4
67. b8=Q 1-0

[Event "World Blitz Women 2017"]
[Site "Riyadh KSA"]
[Date "2017.12.30"]
[Round "20.41"]
[White "Gara, Anita"]
[Black "Tokhirjonova, Gulrukhbegim"]
[Result "1/2-1/2"]
[WhiteTitle "IM"]
[BlackTitle "WGM"]
[WhiteElo "2367"]
[BlackElo "2329"]
[WhiteFideId "709751"]
[BlackFideId "14203626"]
[EventDate "2017.12.29"]

1. e4 e5 2. Nf3 Nc6 3. d4 exd4 4. Bc4 Bc5 5. c3 Nf6 6. cxd4 Bb4+ 7. Bd2 Bxd2+ 8.
Nbxd2 d5 9. exd5 Nxd5 10. O-O O-O 11. Bb3 Bg4 12. h3 Bh5 13. Qc2 Nf4 14. d5 Nxd5
15. Rad1 Nf4 16. Qf5 Ne2+ 17. Kh1 Bg6 18. Qg4 Qf6 19. Nc4 Rad8 20. Ne3 Nf4 21.
Qg5 Qxg5 22. Nxg5 Ne5 23. Kh2 h6 24. Nf3 Nxf3+ 25. gxf3 c6 26. Nc4 Bd3 27. Rfe1
Bxc4 28. Bxc4 Ng6 29. Kg3 Rfe8 30. Rxe8+ Rxe8 31. f4 Re7 32. Rd8+ Kh7 33. h4 h5
34. Ra8 a6 35. Rb8 f5 36. Bg8+ Kh6 37. Bb3 Rd7 38. Bc2 Ne7 39. Rf8 Kg6 40. Kf3
b5 41. b3 c5 42. Ra8 Rd6 43. Ra7 Nd5 44. Ra8 c4 45. bxc4 bxc4 46. Rc8 c3 47. Rc5
Kf6 48. Bb3 Nb4 49. Rxc3 Rd3+ 50. Rxd3 Nxd3 51. Bc4 Nc5 52. Ke3 Ke7 53. Kd4 Kd6
54. Be2 Ne6+ 55. Ke3 g6 56. Bxa6 Kc5 57. Bc8 Nd4 58. Bd7 Nc2+ 59. Kd2 Nb4 60. a4
Nd5 61. Be8 Nxf4 62. a5 Ng2 63. Bxg6 Nxh4 64. Bxh5 Kb5 65. Ke3 Ng2+ 66. Kf3 Ne1+
67. Ke2 Nc2 68. Bg6 Kxa5 69. Kd2 Nd4 70. Ke3 Nc2+ 71. Kf4 Ne1 72. Bxf5 Kb6 73.
Ke5 Kc5 74. f4 Ng2 75. Be4 Nxf4 1/2-1/2

[Event "World Blitz Women 2017"]
[Site "Riyadh KSA"]
[Date "2017.12.30"]
[Round "20.42"]
[White "Bulmaga, Irina"]
[Black "Vijayalakshmi, Subbaraman"]
[Result "0-1"]
[WhiteTitle "IM"]
[BlackTitle "IM"]
[WhiteElo "2427"]
[BlackElo "2357"]
[WhiteFideId "13903063"]
[BlackFideId "5004098"]
[EventDate "2017.12.29"]

1. e4 e5 2. Nf3 Nc6 3. Bc4 Bc5 4. d3 Nf6 5. O-O d6 6. c3 a6 7. a4 Ba7 8. b4 h6
9. Re1 Bg4 10. Nbd2 Qd7 11. Rb1 Ne7 12. b5 a5 13. Qb3 O-O 14. h3 Bh5 15. Nh2 Ng6
16. Ndf1 Nh4 17. Ng3 Bg6 18. Be3 Bxe3 19. fxe3 b6 20. Rf1 Nh5 21. Nxh5 Bxh5 22.
Qc2 Kh8 23. Qf2 g5 24. g3 Qxh3 25. gxh4 gxh4 26. Kh1 Rg8 27. Rg1 Kh7 28. Qf5+
Qxf5 29. exf5 Rg3 30. Rxg3 hxg3 31. Nf1 Bf3+ 32. Kg1 Rg8 33. Bxf7 Rg5 34. f6 h5
35. Be6 h4 36. f7 Kg7 37. e4 Be2 38. Ne3 Bxd3 39. Nf5+ Kf8 40. Nxh4 Bxb1 41. Nf3
Rg6 42. Bd5 Rf6 43. Kg2 Bc2 44. Kxg3 Rg6+ 45. Kf2 Bxa4 46. c4 Bd1 47. Nh4 Rf6+
48. Nf5 Bh5 49. Ke3 Rxf5 50. exf5 Bxf7 51. Be4 Bxc4 52. Bc2 Bxb5 53. Ke4 Bc6+
54. Kd3 Ke7 55. Kc4 Kf6 56. Bb1 e4 57. Kd4 Kxf5 58. Ke3 Ke5 59. Bc2 d5 60. Kd2
d4 61. Kc1 e3 62. Bd3 Be4 63. Bc4 d3 64. Kd1 Bf3+ 65. Kc1 d2+ 66. Kb2 d1=Q 67.
Bb3 Qd2+ 68. Ka3 Qc3 69. Ka2 a4 70. Bxa4 Bd5+ 71. Kb1 Qb4+ 72. Kc1 Qxa4 73. Kb2
Qb3+ 74. Kc1 Qc3+ 75. Kb1 Be4+ 76. Ka2 Qc2+ 77. Ka3 Qd3+ 78. Kb4 c5+ 79. Ka4
Bc6# 0-1

[Event "World Blitz Women 2017"]
[Site "Riyadh KSA"]
[Date "2017.12.30"]
[Round "20.43"]
[White "Fataliyeva, Ulviyya"]
[Black "Ambartsumova, Karina"]
[Result "0-1"]
[WhiteTitle "WGM"]
[BlackTitle "WGM"]
[WhiteElo "2384"]
[BlackElo "2359"]
[WhiteFideId "13403052"]
[BlackFideId "4166299"]
[EventDate "2017.12.29"]

1. e4 c5 2. Nf3 Nc6 3. d4 cxd4 4. Nxd4 Qb6 5. Nb3 Nf6 6. Nc3 e6 7. Bd3 a6 8. O-O
Qc7 9. a4 Be7 10. Be3 d6 11. a5 O-O 12. Na4 Bd7 13. Nb6 Rad8 14. f4 Nb4 15. Kh1
Bc6 16. Bd2 d5 17. e5 Ne4 18. Be3 Bd7 19. Bxe4 dxe4 20. c3 Bb5 21. Nd4 Bxf1 22.
Qxf1 Nd3 23. Qe2 Bc5 24. b3 Bxb6 25. axb6 Qxc3 26. Nc2 Nb4 27. Rc1 Nxc2 28. Rxc2
Qxb3 29. Rc1 Rd3 30. Bg1 e3 31. h4 Rfd8 32. h5 h6 33. Re1 Qxb6 34. Bxe3 Qc6 35.
Qg4 Rxe3 36. Rxe3 Qc1+ 0-1

[Event "World Blitz Women 2017"]
[Site "Riyadh KSA"]
[Date "2017.12.30"]
[Round "20.44"]
[White "Savina, Anastasia"]
[Black "Ovod, Evgenija"]
[Result "1-0"]
[WhiteTitle "IM"]
[BlackTitle "IM"]
[WhiteElo "2350"]
[BlackElo "2364"]
[WhiteFideId "4196872"]
[BlackFideId "4131827"]
[EventDate "2017.12.29"]

1. Nf3 c5 2. c4 Nf6 3. g3 b6 4. Bg2 Bb7 5. O-O e6 6. Nc3 d6 7. Re1 a6 8. e4 Nbd7
9. d4 cxd4 10. Nxd4 Qc7 11. b3 Be7 12. Be3 O-O 13. Rc1 Rac8 14. f3 Kh8 15. Kh1
Rg8 16. Qd2 Ne5 17. Bg1 g5 18. Na4 Nfd7 19. Nc2 b5 20. cxb5 axb5 21. Ne3 Bc6 22.
Nc3 Qa5 23. Red1 b4 24. Ne2 Nc5 25. Nd4 Bb7 26. Nc4 1-0

[Event "World Blitz Women 2017"]
[Site "Riyadh KSA"]
[Date "2017.12.30"]
[Round "20.45"]
[White "Ding, Yixin"]
[Black "Albzoor, Anwar"]
[Result "1-0"]
[WhiteTitle "WGM"]
[BlackTitle "WFM"]
[WhiteElo "2424"]
[BlackElo "1595"]
[WhiteFideId "8602972"]
[BlackFideId "11500522"]
[EventDate "2017.12.29"]

1. e4 e6 2. d4 d5 3. Nc3 Nf6 4. e5 Nfd7 5. f4 b6 6. Nf3 Bb7 7. Be3 c5 8. Be2 Be7
9. O-O O-O 10. Qd2 Nc6 11. Kh1 Rc8 12. Nd1 cxd4 13. Nxd4 Nxd4 14. Bxd4 Nc5 15.
Nf2 Ne4 16. Nxe4 dxe4 17. c3 Qd5 18. Qe3 Bc5 19. Rfd1 Qc6 20. Kg1 h6 21. Kf2
Rfd8 22. Bxc5 Rxd1 23. Rxd1 Qxc5 24. Qxc5 Rxc5 25. Rd7 Bc6 26. Rxa7 e3+ 27. Kxe3
Bxg2 28. a4 Bc6 29. Ra6 Bd5 30. Rxb6 Ra5 31. b3 Ra7 32. c4 1-0

[Event "World Blitz Women 2017"]
[Site "Riyadh KSA"]
[Date "2017.12.30"]
[Round "21.1"]
[White "Dzagnidze, Nana"]
[Black "Danielian, Elina"]
[Result "1/2-1/2"]
[WhiteTitle "GM"]
[BlackTitle "GM"]
[WhiteElo "2522"]
[BlackElo "2413"]
[WhiteFideId "13601903"]
[BlackFideId "13300210"]
[EventDate "2017.12.29"]

1. d4 d5 2. c4 c6 3. Nf3 Nf6 4. cxd5 cxd5 5. Nc3 Nc6 6. Bf4 a6 7. e3 Bf5 8. Rc1
e6 9. Bd3 Bxd3 10. Qxd3 Bd6 11. Bxd6 Qxd6 12. O-O O-O 13. a3 1/2-1/2

[Event "World Blitz Women 2017"]
[Site "Riyadh KSA"]
[Date "2017.12.30"]
[Round "21.2"]
[White "Ushenina, Anna"]
[Black "Gunina, Valentina"]
[Result "0-1"]
[WhiteTitle "GM"]
[BlackTitle "GM"]
[WhiteElo "2416"]
[BlackElo "2510"]
[WhiteFideId "14110911"]
[BlackFideId "4167570"]
[EventDate "2017.12.29"]

1. d4 Nf6 2. Nf3 d5 3. Bf4 e6 4. e3 c5 5. Nbd2 Nc6 6. Bb5 Bd6 7. dxc5 Bxc5 8.
O-O O-O 9. c4 Qe7 10. a3 e5 11. Bg5 dxc4 12. Ne4 Bg4 13. Bxc4 Bb6 14. h3 Bh5 15.
Bxf6 gxf6 16. Ng3 Bg6 17. Nh4 Rfd8 18. Qg4 Kh8 19. Ngf5 Qf8 20. Rad1 Ne7 21. Nd6
h5 22. Qf3 Kg7 23. Nxb7 Rxd1 24. Rxd1 e4 25. Qg3 Rc8 26. Nd6 Bc7 27. f4 exf3 28.
Nxf3 Bxd6 29. Qxd6 Rxc4 30. Nd4 Nf5 31. Nxf5+ Bxf5 32. Qd5 Qc8 33. Rf1 Rc1 34.
Rxc1 Qxc1+ 35. Kh2 Be6 36. Qd4 Qc7+ 37. Kg1 a5 38. Kf2 Qe5 39. Qb6 h4 40. Kg1 a4
41. Kf2 Qg3+ 42. Kg1 Bxh3 43. Qc6 Be6 44. Qxa4 Bd5 45. Qc2 h3 46. e4 Qe3+ 47.
Kh2 Bxe4 48. Qc3 Qxc3 49. bxc3 hxg2 0-1

[Event "World Blitz Women 2017"]
[Site "Riyadh KSA"]
[Date "2017.12.30"]
[Round "21.3"]
[White "Lagno, Kateryna"]
[Black "Ju, Wenjun"]
[Result "0-1"]
[WhiteTitle "GM"]
[BlackTitle "GM"]
[WhiteElo "2547"]
[BlackElo "2567"]
[WhiteFideId "14109336"]
[BlackFideId "8603006"]
[EventDate "2017.12.29"]

1. e4 e6 2. d4 d5 3. Nc3 Nf6 4. Bg5 dxe4 5. Nxe4 Be7 6. Bxf6 gxf6 7. Nf3 f5 8.
Nc3 a6 9. Qd2 b5 10. O-O-O Bb7 11. Qe3 b4 12. Na4 Qd5 13. b3 Nd7 14. Bc4 Qe4 15.
Rhe1 Qxe3+ 16. Rxe3 Nf6 17. Nc5 Bxc5 18. dxc5 Ng4 19. Re2 Bxf3 20. gxf3 Nxh2 21.
Re3 Rg8 22. f4 Ng4 23. Rg3 Ke7 24. c6 Rad8 25. Rxd8 Rxd8 26. Rh3 Rd4 27. Rxh7
Rxf4 28. Bxa6 Rxf2 29. Rh8 f4 30. Rc8 Kd6 31. Bb5 f3 32. Rd8+ Kc5 33. Bd3 Ne5
34. Be4 Re2 35. Bxf3 Nxf3 36. Rd7 Kxc6 37. Rxf7 Nd4 38. Rf4 e5 39. Rf6+ Kc5 40.
Rf7 c6 41. Kb1 Rxc2 42. Re7 Re2 43. Kc1 e4 44. Kd1 e3 45. Re5+ Kd6 46. Re4 Rd2+
47. Kc1 Ne2+ 0-1

[Event "World Blitz Women 2017"]
[Site "Riyadh KSA"]
[Date "2017.12.30"]
[Round "21.4"]
[White "Tan, Zhongyi"]
[Black "Kulon, Klaudia"]
[Result "0-1"]
[WhiteTitle "GM"]
[BlackTitle "WGM"]
[WhiteElo "2517"]
[BlackElo "2370"]
[WhiteFideId "8603642"]
[BlackFideId "1131044"]
[EventDate "2017.12.29"]

1. d4 Nf6 2. c4 g6 3. Nf3 Bg7 4. g3 O-O 5. Bg2 d6 6. O-O Nc6 7. Nc3 e5 8. d5 Nb8
9. e4 a5 10. Ne1 Na6 11. Nd3 b6 12. a3 Nc5 13. Rb1 Bd7 14. b4 axb4 15. axb4 Na4
16. Ne2 Nh5 17. Bd2 f5 18. Nc3 Nf6 19. f3 fxe4 20. Nxe4 Bf5 21. Qe2 Qd7 22. Ra1
b5 23. Ndf2 Nb6 24. Nxf6+ Bxf6 25. g4 Rxa1 26. Rxa1 Bc2 27. Bh6 e4 28. Rc1 Bd3
29. Nxd3 exd3 30. Qxd3 bxc4 31. Qd2 Re8 32. Be3 c3 33. Qd3 Qe7 34. Bf2 Qe2 35.
Qxe2 Rxe2 36. f4 Rb2 37. g5 Bg7 38. Be1 Na4 39. Be4 Rxb4 40. Bc2 Rxf4 41. Ra1
Nb6 42. Ra7 Nxd5 43. Bb3 Bd4+ 44. Kg2 Bxa7 45. Bxd5+ Kf8 46. Bxc3 Rf5 47. Bf3
Rxg5+ 48. Kh3 h5 49. Kh4 Rf5 50. Bd1 c6 51. Bb2 d5 52. Bc2 Rf2 53. Ba3+ Kf7 54.
Ba4 Rxh2+ 55. Kg3 Ra2 56. Bxc6 Rxa3+ 57. Kf4 d4 58. Kg5 d3 59. Bd5+ Kg7 60. Bf3
d2 61. Kh4 Rxf3 62. Kg5 Rf5+ 0-1

[Event "World Blitz Women 2017"]
[Site "Riyadh KSA"]
[Date "2017.12.30"]
[Round "21.5"]
[White "Cramling, Pia"]
[Black "Zhukova, Natalia"]
[Result "0-1"]
[WhiteTitle "GM"]
[BlackTitle "GM"]
[WhiteElo "2450"]
[BlackElo "2444"]
[WhiteFideId "1700030"]
[BlackFideId "14101513"]
[EventDate "2017.12.29"]

1. Nf3 Nf6 2. c4 c5 3. Nc3 e6 4. g3 d5 5. cxd5 Nxd5 6. Nxd5 exd5 7. d4 Be7 8.
Bg2 O-O 9. O-O Nc6 10. dxc5 Bxc5 11. a3 Re8 12. b4 Bb6 13. Bb2 a6 14. e3 Bf5 15.
Nd4 Be4 16. Nxc6 bxc6 17. Rc1 Bxg2 18. Kxg2 Qd7 19. Qc2 Re6 20. Qf5 Qe7 21. Rfd1
a5 22. Bd4 Bxd4 23. Rxd4 axb4 24. axb4 h6 25. Rc2 Ra3 26. Qf3 Rb3 27. Qg4 Rb1
28. h4 Qb7 29. Rf4 Qb5 30. Qe2 Rxb4 31. Rxb4 Qxb4 32. Qd3 h5 33. Qf5 g6 34. Qd3
Qg4 35. Qd4 Qf5 36. Rc5 Rf6 37. Qb2 Qf3+ 38. Kg1 Qd1+ 39. Kg2 Qf3+ 40. Kg1 Re6
41. Qc2 d4 42. e4 d3 43. Qd2 Qxe4 44. Rc3 0-1

[Event "World Blitz Women 2017"]
[Site "Riyadh KSA"]
[Date "2017.12.30"]
[Round "21.7"]
[White "Michna, Marta"]
[Black "Abdumalik, Zhansaya"]
[Result "0-1"]
[WhiteTitle "WGM"]
[BlackTitle "IM"]
[WhiteElo "2377"]
[BlackElo "2449"]
[WhiteFideId "1106686"]
[BlackFideId "13703544"]
[EventDate "2017.12.29"]

1. Nf3 Nf6 2. g3 g6 3. Bg2 Bg7 4. O-O O-O 5. d3 d5 6. Nbd2 c5 7. e4 Nc6 8. Re1
e6 9. a4 b6 10. c3 Bb7 11. Qc2 Rc8 12. exd5 exd5 13. Nf1 Qd7 14. Bg5 h6 15. Bxf6
Bxf6 16. h4 d4 17. c4 Bg7 18. Re2 Rce8 19. Rae1 Rxe2 20. Qxe2 Nb4 21. b3 Bc6 22.
N1h2 Re8 23. Qd2 Rxe1+ 24. Nxe1 h5 25. Nhf3 Qf5 26. Qe2 Bf6 27. Nh2 Bxg2 28.
Kxg2 Kg7 29. Nhf3 Qd7 30. Qd2 Qd6 31. Qe2 a6 32. Kg1 Qc6 33. Ng2 b5 34. axb5
axb5 35. Nf4 bxc4 36. bxc4 Qd6 37. Ng5 Qe7 38. Ne4 Be5 39. Nd5 Nxd5 40. cxd5 Bd6
41. Qa2 f5 42. Nxd6 Qxd6 43. Qa7+ Kf6 44. Qa8 Ke5 45. f4+ Kf6 46. Qh8+ Kf7 47.
Qh7+ Ke8 48. Qg8+ Kd7 49. Qf7+ Kd8 50. Qg8+ Kc7 51. Qa8 Qb6 52. Qa2 Kd6 53. Qe2
Kxd5 54. Qe5+ Kc6 55. Qe6+ Kb7 56. Qd5+ Qc6 57. Qb3+ Qb6 58. Qd5+ Ka7 59. Qa2+
Kb7 60. Qd5+ Kc7 61. Qf7+ Kc8 62. Qe8+ Kb7 63. Qf7+ Ka6 64. Qa2+ Qa5 65. Qc4+
Qb5 66. Qa2+ Kb6 67. Qe6+ Ka5 68. Qa2+ Qa4 69. Qd2+ Kb5 70. Qb2+ Qb4 71. Qe2
Qb1+ 72. Kh2 Kb4 73. Qd2+ Kb3 74. Qa5 Qa2+ 0-1

[Event "World Blitz Women 2017"]
[Site "Riyadh KSA"]
[Date "2017.12.30"]
[Round "21.9"]
[White "Goryachkina, Aleksandra"]
[Black "Lei, Tingjie"]
[Result "1/2-1/2"]
[WhiteTitle "WGM"]
[BlackTitle "GM"]
[WhiteElo "2486"]
[BlackElo "2528"]
[WhiteFideId "4147103"]
[BlackFideId "8605114"]
[EventDate "2017.12.29"]

1. d4 Nf6 2. c4 e6 3. g3 c5 4. d5 exd5 5. cxd5 d6 6. Nc3 g6 7. Bg2 Bg7 8. Nf3
O-O 9. O-O Re8 10. a4 a6 11. h3 Bf5 12. Bf4 Ne4 13. Ra3 Nxc3 14. bxc3 Be4 15. c4
Qc7 16. a5 Nd7 17. Nd2 Bxg2 18. Kxg2 Nf6 19. Re1 Ne4 20. Nxe4 Rxe4 21. Qc2 Rae8
22. Bc1 h5 23. h4 Bf6 24. f3 R4e7 25. e4 Be5 26. Bg5 f6 27. Bd2 Kg7 28. Rb3 Bd4
29. Bc3 f5 30. Bxd4+ cxd4 31. Qd3 Qxa5 32. Qxd4+ Kh7 33. Re2 b5 34. cxb5 axb5
35. Rbe3 fxe4 36. Rxe4 Rxe4 37. Rxe4 Rxe4 38. Qxe4 Qc7 39. g4 hxg4 40. fxg4 Kg7
41. h5 gxh5 42. gxh5 Qf7 43. Qd3 b4 44. Qd4+ Kh6 45. Qxb4 Qxd5+ 46. Kf2 Kxh5 47.
Ke2 Kg6 48. Qb8 Kf5 49. Qf8+ Ke5 50. Qg7+ Kf5 51. Qf8+ Kg6 52. Qe8+ Kg5 53. Qe7+
Kg4 54. Qg7+ Kf4 55. Qh6+ Kg3 56. Qg6+ Kf4 57. Qh6+ Kg4 58. Qg7+ Kh3 59. Qh6+
Kg3 60. Qg7+ Kf4 61. Qh6+ Kg4 62. Qg7+ Kf5 63. Qf8+ Ke5 64. Qg7+ Kf5 65. Qf8+
Kg6 66. Qe8+ Kf6 67. Qf8+ Ke5 68. Qg7+ Kf4 1/2-1/2

[Event "World Blitz Women 2017"]
[Site "Riyadh KSA"]
[Date "2017.12.30"]
[Round "21.10"]
[White "Hoang, Thanh Trang"]
[Black "Stefanova, Antoaneta"]
[Result "1-0"]
[WhiteTitle "GM"]
[BlackTitle "GM"]
[WhiteElo "2439"]
[BlackElo "2500"]
[WhiteFideId "12400149"]
[BlackFideId "2902257"]
[EventDate "2017.12.29"]

1. d4 d5 2. Bf4 Nf6 3. e3 e6 4. Nd2 Bd6 5. Bg3 O-O 6. Bd3 c5 7. c3 Nc6 8. Ngf3
Qe7 9. Ne5 Nd7 10. Nxd7 Bxd7 11. Bxd6 Qxd6 12. dxc5 Qxc5 13. Bxh7+ Kxh7 14. Qh5+
Kg8 15. Ne4 g6 16. Nxc5 gxh5 17. Nxd7 Rfc8 18. Nf6+ Kf8 19. Nxh5 Ne5 20. Nf4 b5
21. Ke2 b4 22. Nd3 Nxd3 23. Kxd3 Rab8 24. Rab1 Rc4 25. cxb4 Rbxb4 26. b3 Rg4 27.
g3 a5 28. h3 Rg6 29. a3 Rb7 30. b4 a4 31. Rhc1 Rf6 32. Rb2 Ke7 33. Rc8 e5 34.
Ra8 Rc6 35. Rxa4 e4+ 36. Kd2 Rc4 37. Ra6 d4 38. exd4 Rxd4+ 39. Ke3 Rc4 40. h4
Rd7 41. b5 Rd3+ 42. Ke2 Rcc3 43. b6 Rb3 44. Rxb3 Rxb3 45. a4 Kd6 46. a5 Kc6 47.
Ra7 f5 48. Rc7+ Kd6 49. Rb7 Kc6 50. Rb8 Rb2+ 51. Ke3 Rb3+ 52. Kf4 Rf3+ 53. Ke5
Rxf2 54. a6 e3 55. a7 Ra2 56. a8=Q+ Rxa8 57. Rxa8 e2 58. Ra1 1-0

[Event "World Blitz Women 2017"]
[Site "Riyadh KSA"]
[Date "2017.12.30"]
[Round "21.11"]
[White "Guo, Qi"]
[Black "Paehtz, Elisabeth"]
[Result "0-1"]
[WhiteTitle "IM"]
[BlackTitle "IM"]
[WhiteElo "2396"]
[BlackElo "2464"]
[WhiteFideId "8604002"]
[BlackFideId "4641833"]
[EventDate "2017.12.29"]

1. d4 e6 2. c4 b6 3. Nf3 Bb7 4. g3 Bb4+ 5. Bd2 Bxf3 6. exf3 Bxd2+ 7. Qxd2 d5 8.
Nc3 Ne7 9. f4 c6 10. Bd3 O-O 11. O-O Nd7 12. Rad1 Nf6 13. Rfe1 Qd7 14. Qc2 g6
15. b3 Kg7 16. Qb2 Rfd8 17. Rd2 Qd6 18. Red1 Qb4 19. a3 Qd6 20. Qa2 dxc4 21.
Bxc4 Nf5 22. Ne2 Ne4 23. Rc2 Nf6 24. Qb2 h5 25. a4 a5 26. Rcd2 h4 27. Qc2 hxg3
28. fxg3 Ne3 29. Qd3 Nxd1 30. Rxd1 Nd5 31. Qf3 Rab8 32. h4 Nf6 33. Nc3 Qb4 34.
Kg2 b5 35. axb5 cxb5 36. Bf1 Qxb3 37. h5 b4 38. Nb5 Qxf3+ 39. Kxf3 gxh5 40. Ra1
Ra8 41. Nc7 Ra7 42. Nb5 Ra6 43. Nc7 Rc6 44. Nb5 Ra8 45. Ke3 Nd5+ 46. Kd2 a4 47.
Bd3 b3 48. Na3 Rb8 49. Rh1 Nf6 50. Bc4 b2 51. Kc2 Rb3 0-1